[Event "BL 9091 Tegel-Koblenz"]
[Site "?"]
[Date "1990.??.??"]
[Round "?.2"]
[White "Lorenz, S."]
[Black "Doncevic, D."]
[Result "1-0"]
[WhiteElo "2325"]
[BlackElo "2350"]
[PlyCount "69"]
[EventDate "1990.??.??"]

1. e4 c5 2. Nf3 Nc6 3. Bb5 Qb6 4. Nc3 e6 5. O-O Nd4 6. Bc4 Ne7 7. Nxd4 cxd4 8.
Ne2 Nc6 9. c3 Be7 10. d3 Bf6 11. Bb3 O-O 12. Kh1 d6 13. f4 a5 14. g4 g6 15. g5
Bg7 16. h4 Bd7 17. h5 Qd8 18. a4 Qe7 19. hxg6 hxg6 20. Bd2 f6 21. gxf6 Bxf6 22.
Ng3 Kg7 23. Qf3 Rh8+ 24. Kg2 Raf8 25. Rh1 Qd8 26. Qg4 Qb6 27. Bxe6 Bxe6 28.
Qxe6 Qxb2 29. Ra2 Qb6 30. Rg1 dxc3 31. Kf1 Nd4 32. Nf5+ Nxf5 33. exf5 cxd2 34.
Rxg6+ Kh7 35. Qd7+ 1-0

[Event "BL 9091 Tegel-Koblenz"]
[Site "?"]
[Date "1990.??.??"]
[Round "?.4"]
[White "Hargens, T."]
[Black "Wolf, V."]
[Result "1-0"]
[WhiteElo "2255"]
[BlackElo "2310"]
[PlyCount "81"]
[EventDate "1990.??.??"]

1. d4 e6 2. e4 d5 3. exd5 exd5 4. Nc3 c6 5. Bd3 Bd6 6. Qf3 Nf6 7. Bf4 O-O 8. h3
Re8+ 9. Nge2 Bxf4 10. Qxf4 Nbd7 11. O-O-O Nf8 12. f3 Ng6 13. Qh2 b5 14. Kb1 b4
15. Na4 Bf5 16. Bxf5 Rxe2 17. Bd3 Re3 18. Rhe1 Qe7 19. Qg1 Re8 20. Rxe3 Qxe3
21. Ba6 Qxg1 22. Rxg1 Nf4 23. b3 Ne6 24. Rd1 Rb8 25. Kb2 Nd7 26. a3 Nb6 27. Nc5
Nxc5 28. dxc5 Nd7 29. axb4 Rxb4 30. Ka3 Rf4 31. b4 Nb8 32. Bb7 Rc4 33. Kb3 a5
34. c3 Kf8 35. Ra1 axb4 36. cxb4 Ke7 37. Ra8 Nd7 38. Bxc6 Nxc5+ 39. bxc5 Rxc5
40. Ra7+ Ke6 41. Be8 1-0

[Event "BL 9091 Tegel-Koblenz"]
[Site "?"]
[Date "1990.??.??"]
[Round "?.5"]
[White "Bayer, E."]
[Black "Sperlich, O."]
[Result "1/2-1/2"]
[WhiteElo "2330"]
[BlackElo "2295"]
[PlyCount "101"]
[EventDate "1990.??.??"]

1. d4 f5 2. e4 fxe4 3. Nc3 Nf6 4. Bg5 g6 5. f3 exf3 6. Nxf3 Bg7 7. Bc4 c6 8.
Qd2 b5 9. Bd3 b4 10. Ne2 Ba6 11. O-O Bxd3 12. Qxd3 O-O 13. Qb3+ Kh8 14. Ne5 Qe8
15. Qxb4 Na6 16. Qc4 Nc7 17. Qd3 d6 18. Bxf6 exf6 19. Nf3 Qd7 20. Rae1 Rae8 21.
Qd2 Kg8 22. Nc3 f5 23. Rxe8 Rxe8 24. Re1 Re7 25. Kf2 Bf6 26. Rxe7 Qxe7 27. Qe3
Kf7 28. Qh6 Ke8 29. h4 Kd7 30. g3 Ke8 31. Qd2 Bg7 32. Qe2 Qxe2+ 33. Kxe2 Ke7
34. Kd3 Ne8 35. Ne2 Nf6 36. c3 Ne4 37. b3 Bf6 38. a4 h6 39. Nd2 Nxd2 40. Kxd2
g5 41. hxg5 hxg5 42. Nc1 Kd7 43. Ke3 Bd8 44. Nd3 Bc7 45. Nb2 d5 46. Kf2 Bd6 47.
Nd3 Ke6 48. Nc1 Kf6 49. Nd3 Kg6 50. Kf3 Kf6 51. Kf2 1/2-1/2

[Event "BL 9091 Tegel-Koblenz"]
[Site "?"]
[Date "1990.??.??"]
[Round "?.6"]
[White "Giemsa, S."]
[Black "Weidemann, J."]
[Result "1-0"]
[WhiteElo "2240"]
[BlackElo "2300"]
[PlyCount "63"]
[EventDate "1990.??.??"]

1. Nf3 d6 2. d4 Bg4 3. c4 Nd7 4. e4 e5 5. Be2 Be7 6. Nc3 Bxf3 7. Bxf3 Bg5 8.
O-O Bxc1 9. Rxc1 Ngf6 10. Be2 c6 11. b4 a5 12. a3 axb4 13. axb4 O-O 14. dxe5
dxe5 15. c5 Qe7 16. Ra1 Qe6 17. Qc2 Rfd8 18. Na4 Nf8 19. Nb6 Rxa1 20. Rxa1 Rd4
21. Bc4 Qg4 22. Qb3 Qg6 23. Nc8 Qxe4 24. Nd6 Qf4 25. g3 Qd2 26. Bxf7+ Kh8 27.
Ra8 N6d7 28. Bh5 Rd5 29. Qf3 h6 30. Rxf8+ Nxf8 31. Qxf8+ Kh7 32. Bg6+ 1-0

[Event "BL 9091 Porz-Tegel"]
[Site "?"]
[Date "1990.??.??"]
[Round "?.3"]
[White "Rabiega, R."]
[Black "Lutz, C."]
[Result "0-1"]
[WhiteElo "2345"]
[BlackElo "2445"]
[PlyCount "68"]
[EventDate "1990.??.??"]

1. e4 c5 2. c3 e5 3. Nf3 Nc6 4. Bc4 Qc7 5. d3 Nf6 6. a3 Be7 7. O-O O-O 8. Nbd2
d6 9. Re1 a6 10. Nf1 b5 11. Bb3 h6 12. Ne3 Be6 13. Nd5 Bxd5 14. exd5 Nb8 15.
Nh4 Re8 16. Qf3 Nbd7 17. Nf5 Bf8 18. Bd2 Kh7 19. Qh3 Ng8 20. g4 g6 21. Nxh6
Nxh6 22. Bxh6 Bxh6 23. g5 Rh8 24. gxh6 Nf6 25. d4 c4 26. Qf3 Nh5 27. Bc2 Nf4
28. a4 Rad8 29. axb5 axb5 30. Ra6 Rhe8 31. h4 Qe7 32. Qg4 Qf6 33. Re4 Qf5 34.
Qg3 Qxe4 0-1

[Event "BL 9091 Porz-Tegel"]
[Site "?"]
[Date "1990.??.??"]
[Round "?.5"]
[White "Sperlich, O."]
[Black "Knaak, R."]
[Result "0-1"]
[WhiteElo "2295"]
[BlackElo "2515"]
[PlyCount "53"]
[EventDate "1990.??.??"]

1. e4 e6 2. c4 d5 3. cxd5 exd5 4. Qb3 dxe4 5. Bc4 Qe7 6. Nc3 c6 7. d3 exd3+ 8.
Be3 b5 9. Nxb5 cxb5 10. Bd5 Be6 11. Qxb5+ Bd7 12. Qb7 Qb4+ 13. Kf1 Qxb7 14.
Bxb7 Bc6 15. Bxa8 Bxa8 16. Bxa7 Nc6 17. Be3 Nf6 18. a3 Be7 19. b4 O-O 20. Nf3
Bb7 21. b5 Na5 22. Rd1 Be4 23. Nd2 Bd5 24. a4 Rc8 25. f3 Rc2 26. Ra1 Bb4 27.
Ke1 0-1

[Event "BL 9091 Porz-Tegel"]
[Site "?"]
[Date "1990.??.??"]
[Round "?.6"]
[White "Vogt, L."]
[Black "Giemsa, S."]
[Result "1-0"]
[WhiteElo "2505"]
[BlackElo "2240"]
[PlyCount "65"]
[EventDate "1990.??.??"]

1. e4 e6 2. d4 d5 3. Nc3 Bb4 4. e5 c5 5. a3 Bxc3+ 6. bxc3 Ne7 7. Qg4 O-O 8. Bd3
f5 9. exf6 Rxf6 10. Bg5 Nd7 11. Qh4 h6 12. Bxf6 Nxf6 13. dxc5 e5 14. f3 e4 15.
fxe4 dxe4 16. Bc4+ Kh7 17. Ne2 Qa5 18. Qf2 Bg4 19. O-O Rc8 20. h3 Rxc5 21. Bb3
Bxe2 22. Qxe2 Qxc3 23. Rad1 Nf5 24. Rf4 Qe5 25. Rf2 Rc3 26. Qd2 Rc5 27. Qf4 e3
28. Rf3 Qc3 29. Be6 e2 30. Bxf5+ g6 31. Rd7+ Nxd7 32. Bxg6+ Kh8 33. Qxh6+ 1-0

[Event "BL 9091 Koblenz-HSK"]
[Site "?"]
[Date "1990.??.??"]
[Round "?.1"]
[White "Wahls, M."]
[Black "Brueckner, T."]
[Result "1-0"]
[WhiteElo "2525"]
[BlackElo "2405"]
[PlyCount "95"]
[EventDate "1990.??.??"]

1. e4 e5 2. a3 Nf6 3. Nc3 Bc5 4. Nf3 d6 5. h3 Nc6 6. d3 a6 7. g3 O-O 8. Bg2 Be6
9. O-O h6 10. Kh2 d5 11. Nxe5 Nxe5 12. d4 Bb6 13. exd5 Nxd5 14. Nxd5 Bxd5 15.
dxe5 Bxg2 16. Kxg2 Qxd1 17. Rxd1 Rae8 18. Re1 f6 19. Be3 Rxe5 20. Bxb6 Rxe1 21.
Rxe1 cxb6 22. Re7 Rf7 23. Re8+ Kh7 24. Kf3 Rc7 25. c3 Rd7 26. a4 Rd2 27. Re2
Rd6 28. Re7 Rd2 29. b4 Rd3+ 30. Re3 Rd2 31. Re6 Rd3+ 32. Ke4 Rxc3 33. Rxb6 a5
34. b5 Rc4+ 35. Kd5 Rxa4 36. Rxb7 Ra2 37. Ra7 Rxf2 38. b6 Rb2 39. Kc6 Rc2+ 40.
Kd7 Rb2 41. Kc6 Rc2+ 42. Kb7 Rc3 43. Rxa5 Rxg3 44. Ka6 Rb3 45. b7 Rxb7 46. Kxb7
Kg6 47. Kc6 f5 48. Ra7 1-0

[Event "BL 9091 Koblenz-HSK"]
[Site "?"]
[Date "1990.??.??"]
[Round "?.2"]
[White "Doncevic, D."]
[Black "Maus, So"]
[Result "1/2-1/2"]
[WhiteElo "2350"]
[BlackElo "2440"]
[PlyCount "86"]
[EventDate "1990.??.??"]

1. Nf3 Nf6 2. g3 d5 3. Bg2 c6 4. O-O Bg4 5. d4 e6 6. Nbd2 Nbd7 7. Re1 Be7 8. e4
dxe4 9. Nxe4 Nxe4 10. Rxe4 Bf5 11. Re1 O-O 12. c3 Qb6 13. Qb3 Qxb3 14. axb3 a5
15. Ne5 Nxe5 16. Rxe5 Bd8 17. Re2 Bd3 18. Rd2 Bf5 19. Re2 Bc7 20. Be4 Bxe4 21.
Rxe4 Rfd8 22. Bf4 Bxf4 23. Rxf4 Ra6 24. Re4 Kf8 25. Re5 Rd5 26. Rxd5 cxd5 27.
Kf1 Ke7 28. Ke2 g5 29. Kd3 Kd6 30. f4 gxf4 31. Rf1 fxg3 32. Rxf7 gxh2 33. Rxh7
Ra8 34. Rxh2 Rg8 35. Rh7 b6 36. Kc2 Rg2+ 37. Kb1 Re2 38. Kc1 Kc6 39. Ra7 Kd6
40. Rb7 Kc6 41. Ra7 e5 42. dxe5 Rxe5 43. Kc2 Re2+ 1/2-1/2

[Event "BL 9091 Koblenz-HSK"]
[Site "?"]
[Date "1990.??.??"]
[Round "?.3"]
[White "Mueller, Ka"]
[Black "Seul, G."]
[Result "1/2-1/2"]
[WhiteElo "2425"]
[BlackElo "2340"]
[PlyCount "60"]
[EventDate "1990.??.??"]

1. e4 g6 2. d4 Bg7 3. Nc3 d6 4. Be3 Nf6 5. h3 O-O 6. g3 d5 7. e5 Ne4 8. Bg2
Nxc3 9. bxc3 c5 10. Ne2 cxd4 11. cxd4 Nc6 12. O-O Na5 13. Nf4 e6 14. Re1 Bd7
15. Bf1 Rc8 16. h4 Ba4 17. Bd3 Nc4 18. Rb1 Nxe3 19. Rxe3 Qe7 20. Qd2 b6 21. Ne2
f6 22. exf6 Qxf6 23. f4 Rf7 24. c3 Bf8 25. Kg2 Bd6 26. Ng1 Rfc7 27. Ba6 Rf8 28.
Be2 Qf5 29. Bd3 Qg4 30. Be2 Qf5 1/2-1/2

[Event "BL 9091 Koblenz-HSK"]
[Site "?"]
[Date "1990.??.??"]
[Round "?.4"]
[White "Wolf, V."]
[Black "Wegner, H."]
[Result "1-0"]
[WhiteElo "2310"]
[BlackElo "2405"]
[PlyCount "77"]
[EventDate "1990.??.??"]

1. e4 e5 2. Nf3 Nc6 3. Bb5 a6 4. Ba4 Nf6 5. O-O Be7 6. Bxc6 dxc6 7. Nc3 Bg4 8.
h3 Bh5 9. g4 Bg6 10. Re1 Nd7 11. d4 exd4 12. Qxd4 f6 13. Bf4 Bc5 14. Qd2 Qe7
15. Nd5 cxd5 16. exd5 Be4 17. Rxe4 Qxe4 18. Re1 Qxe1+ 19. Qxe1+ Kd8 20. b4 Re8
21. Qd2 Bd6 22. Nd4 Bxf4 23. Qxf4 Nf8 24. c4 Re5 25. Qd2 Kd7 26. a4 Rae8 27. b5
axb5 28. Nxb5 Re4 29. Qb4 b6 30. Na7 Re1+ 31. Kg2 Rd1 32. Qb5+ Kd8 33. Qa6 Kd7
34. c5 bxc5 35. Qc6+ Kd8 36. Nb5 Ke7 37. Qxc7+ Nd7 38. Nd6 Rg8 39. Nf5+ 1-0

[Event "BL 9091 Koblenz-HSK"]
[Site "?"]
[Date "1990.??.??"]
[Round "?.5"]
[White "Michaelsen, N."]
[Black "Bayer, E."]
[Result "1/2-1/2"]
[WhiteElo "2305"]
[BlackElo "2330"]
[PlyCount "39"]
[EventDate "1990.??.??"]

1. d4 d5 2. c4 e6 3. Nf3 Nf6 4. Nc3 Be7 5. Bg5 h6 6. Bh4 O-O 7. e3 b6 8. Rc1
Bb7 9. cxd5 Nxd5 10. Nxd5 Bxd5 11. Bxe7 Qxe7 12. Be2 Rc8 13. O-O c5 14. dxc5
Rxc5 15. Rxc5 Qxc5 16. Qa4 Qc6 17. Bb5 Qc7 18. e4 Bb7 19. Rd1 a6 20. Bf1
1/2-1/2

[Event "BL 9091 Koblenz-HSK"]
[Site "?"]
[Date "1990.??.??"]
[Round "?.6"]
[White "Weidemann, J."]
[Black "Reefschlaeger, H."]
[Result "1/2-1/2"]
[WhiteElo "2300"]
[BlackElo "2370"]
[PlyCount "45"]
[EventDate "1990.??.??"]

1. e4 g6 2. d4 Bg7 3. Nc3 d6 4. Bc4 c6 5. Nf3 Nf6 6. e5 dxe5 7. Nxe5 O-O 8. O-O
Nbd7 9. Bg5 Nb6 10. Bb3 Nbd5 11. Qf3 Be6 12. Rfe1 Nc7 13. Rad1 Bxb3 14. axb3
Ne6 15. Qe3 Nxg5 16. Qxg5 e6 17. Na4 Qc7 18. Qh4 Rad8 19. Rd3 h6 20. c4 Nd7 21.
Nxd7 Rxd7 22. Nc5 Rdd8 23. Red1 1/2-1/2

[Event "BL 9091 Koblenz-HSK"]
[Site "?"]
[Date "1990.??.??"]
[Round "?.7"]
[White "Sievers, S."]
[Black "Fritsche, L."]
[Result "0-1"]
[WhiteElo "2330"]
[BlackElo "2295"]
[PlyCount "78"]
[EventDate "1990.??.??"]

1. e4 g6 2. d4 Bg7 3. Nc3 d6 4. Be3 a6 5. Qd2 b5 6. f3 Bb7 7. Nh3 Nd7 8. Nf2 h6
9. Be2 e6 10. O-O Ngf6 11. a4 b4 12. Na2 a5 13. c3 bxc3 14. Nxc3 c6 15. Rfb1
O-O 16. Bxh6 Bxh6 17. Qxh6 Qb6 18. Qd2 Rfd8 19. Ncd1 e5 20. dxe5 Nxe5 21. b4 d5
22. bxa5 Qc7 23. f4 Ned7 24. e5 Ne8 25. Ra3 Nc5 26. Rh3 Qxa5 27. Qb2 d4 28. Nd3
Ba6 29. N1f2 Nxa4 30. Qa3 Bc8 31. Rh8+ Kxh8 32. Qf8+ Kh7 33. Ne4 Ng7 34. Ng5+
Kh6 35. Nxf7+ Kh7 36. Ng5+ Kh6 37. Nf7+ Kh7 38. Nxd8 Ba6 39. Qb4 Qxd8 0-1

[Event "BL 9091 Koblenz-HSK"]
[Site "?"]
[Date "1990.??.??"]
[Round "?.8"]
[White "Bohn, T."]
[Black "Heinemann, T."]
[Result "0-1"]
[WhiteElo "2230"]
[BlackElo "2340"]
[PlyCount "58"]
[EventDate "1990.??.??"]

1. f4 d5 2. Nf3 g6 3. e3 Bg7 4. Be2 Nd7 5. O-O e5 6. fxe5 Nxe5 7. Nxe5 Bxe5 8.
d4 Bg7 9. c4 Nf6 10. Nc3 O-O 11. cxd5 Nxd5 12. Nxd5 Qxd5 13. Bf3 Qd8 14. Qb3 c6
15. Bd2 Re8 16. Rfe1 Rb8 17. Bc3 Be6 18. Qa3 a6 19. Rad1 f5 20. e4 fxe4 21.
Rxe4 Qd7 22. Rde1 Bf7 23. Qc5 Rxe4 24. Rxe4 Re8 25. a4 Rxe4 26. Bxe4 Qe6 27.
Bf3 Qe3+ 28. Kf1 Bf8 29. Qe5 Bc4+ 0-1

[Event "BL 9091 Bayern-Frankfurt"]
[Site "?"]
[Date "1990.??.??"]
[Round "?.1"]
[White "Khalifman, A."]
[Black "Huebner, R."]
[Result "1/2-1/2"]
[WhiteElo "2615"]
[BlackElo "2585"]
[PlyCount "49"]
[EventDate "1990.??.??"]

1. d4 Nf6 2. c4 e6 3. Nf3 b6 4. Nc3 Bb7 5. a3 d5 6. cxd5 exd5 7. Qa4+ c6 8. g3
Bd6 9. Bg2 O-O 10. O-O Re8 11. Bf4 Bxf4 12. gxf4 Nbd7 13. e3 c5 14. Ne5 cxd4
15. Qxd4 Qe7 16. Nxd7 Qxd7 17. a4 Rac8 18. a5 Rc4 19. Qd3 Qe6 20. Rfd1 Rb4 21.
a6 Ba8 22. Nb5 Qd7 23. Nd4 Rc4 24. Nf3 Qc7 25. Nd4 1/2-1/2

[Event "BL 9091 Bayern-Frankfurt"]
[Site "?"]
[Date "1990.??.??"]
[Round "?.3"]
[White "Gutman, L."]
[Black "Hjartarson, J."]
[Result "1/2-1/2"]
[WhiteElo "2450"]
[BlackElo "2520"]
[PlyCount "163"]
[EventDate "1990.??.??"]

1. d4 Nf6 2. c4 e6 3. Nc3 Bb4 4. f3 d5 5. a3 Bxc3+ 6. bxc3 c5 7. cxd5 Nxd5 8.
dxc5 Qa5 9. e4 Nf6 10. Be3 O-O 11. Qb3 Nfd7 12. Rd1 Qc7 13. Ne2 Nxc5 14. Qc4 b6
15. Qd4 Ba6 16. Ng3 Bxf1 17. Rxf1 Nc6 18. Qd6 Qb7 19. Bxc5 Rfd8 20. Qf4 Rxd1+
21. Kxd1 bxc5 22. Ke1 Qb2 23. Ne2 Qxa3 24. Qd6 Na5 25. Kf2 Nc4 26. Qe7 Nb2 27.
Rb1 Rf8 28. Qb7 Nd3+ 29. Ke3 Ne5 30. Qe7 Nc4+ 31. Kf2 Nb6 32. Rd1 g6 33. h4 c4
34. h5 Rc8 35. Rd8+ Rxd8 36. Qxd8+ Qf8 37. Qc7 gxh5 38. Qxa7 Qc5+ 39. Kf1 Kg7
40. Nd4 Kg6 41. f4 Qd6 42. Nf3 Kg7 43. Kg1 Nd7 44. Nd4 Nf8 45. e5 Qd5 46. Qe7
Ng6 47. Qf6+ Kg8 48. g3 Qa5 49. Ne2 h6 50. Kf2 Qc5+ 51. Nd4 Qd5 52. Kg1 Qe4 53.
Qd8+ Nf8 54. Kf2 Qd3 55. Qa5 Kg7 56. Qb4 Ng6 57. Qb7 Qd2+ 58. Kf1 Nf8 59. Ne2
Qe3 60. Qc6 Qd3 61. Kf2 Ng6 62. Qh1 Qf5 63. Nd4 Qg4 64. Qf3 Ne7 65. Nb5 Qg6 66.
Nd6 Qc2+ 67. Qe2 Qxc3 68. Qxc4 Qxc4 69. Nxc4 Ng6 70. Kf3 h4 71. g4 h3 72. f5
exf5 73. gxf5 Nh4+ 74. Kg3 Nxf5+ 75. Kxh3 Kg6 76. Kg4 Nd4 77. Nd6 Ne6 78. Kh4
Nc5 79. Nc8 Nd3 80. Ne7+ Kh7 81. Kh5 Nxe5 82. Nf5 1/2-1/2

[Event "BL 9091 Bayern-Frankfurt"]
[Site "?"]
[Date "1990.??.??"]
[Round "?.4"]
[White "Kindermann, S."]
[Black "Tischbierek, R."]
[Result "1-0"]
[WhiteElo "2530"]
[BlackElo "2495"]
[PlyCount "81"]
[EventDate "1990.??.??"]

1. e4 e5 2. Nf3 Nf6 3. d4 exd4 4. e5 Ne4 5. Qxd4 d5 6. exd6 Nxd6 7. Bd3 Nc6 8.
Qf4 Be7 9. Nc3 Be6 10. Bd2 Qd7 11. O-O-O O-O-O 12. Be3 f5 13. Qa4 Bf6 14. Bb5
a6 15. Bxa6 Bxc3 16. Bb5 Qe7 17. Bxc6 bxc6 18. bxc3 Bd5 19. Bg5 Qe4 20. Rd4 Qe2
21. c4 Bxf3 22. Bxd8 c5 23. Rxd6 cxd6 24. gxf3 Rxd8 25. Qc6+ Kb8 26. Qb6+ Kc8
27. Qc6+ Kb8 28. Rd1 Qe8 29. Qb6+ Kc8 30. Qa6+ Kc7 31. Qa7+ Kc8 32. Qxg7 Qa4
33. Qc3 Qxa2 34. Re1 Qa7 35. Re6 Rg8 36. Rxd6 Rg1+ 37. Rd1 Rxd1+ 38. Kxd1 Qe7
39. Qd3 Qe5 40. h3 Qh2 41. Qxf5+ 1-0

[Event "BL 9091 Bayern-Frankfurt"]
[Site "?"]
[Date "1990.??.??"]
[Round "?.5"]
[White "Werner, D."]
[Black "Bischoff, K."]
[Result "1/2-1/2"]
[WhiteElo "2340"]
[BlackElo "2530"]
[PlyCount "162"]
[EventDate "1990.??.??"]

1. d4 Nf6 2. c4 e6 3. Nf3 b6 4. a3 Ba6 5. e3 d5 6. Nbd2 Bb7 7. Bd3 Nbd7 8. O-O
c5 9. cxd5 exd5 10. dxc5 bxc5 11. e4 dxe4 12. Re1 Be7 13. Nxe4 O-O 14. Ng3 Re8
15. Bd2 Bf8 16. Ng5 Ne5 17. Bf1 Qc7 18. Bc3 h6 19. N5e4 Nd5 20. Bd2 Qb6 21. Qc2
Rac8 22. Nc3 Nf6 23. Rad1 Ba8 24. h3 c4 25. Be3 Qb7 26. Bd4 Nfd7 27. Nd5 Nd3
28. Rxe8 Rxe8 29. Ne3 Nb6 30. a4 Nd5 31. Nxc4 N5f4 32. f3 Nb4 33. Qd2 Ne6 34.
Bf2 Nd5 35. Ne4 Rd8 36. Qa5 Bb4 37. Qb5 Qe7 38. a5 Qf8 39. a6 Rb8 40. Qa4 Nc5
41. Nxc5 Bxc5 42. Qc2 Nb4 43. Bxc5 Qxc5+ 44. Qf2 Nxa6 45. Rd7 Qxf2+ 46. Kxf2
Nb4 47. Rxa7 Bd5 48. Nd6 Rd8 49. Ra4 Nc6 50. Nb5 Be6 51. Ke3 Ne7 52. Nd4 Nd5+
53. Kd2 Rb8 54. b3 g5 55. Nxe6 fxe6 56. Bc4 Kf7 57. Ra6 Nf4 58. g3 Rd8+ 59. Ke3
Nd5+ 60. Ke4 Kf6 61. Bxd5 Rxd5 62. b4 Rd1 63. Rc6 Rb1 64. Rc4 Rb3 65. h4 g4 66.
fxg4 Rxg3 67. Kd4 Rxg4+ 68. Kc5 Rg8 69. Kd6 Rd8+ 70. Kc7 Rd5 71. Kc6 Rd8 72.
Kc7 Rd5 73. Kc6 Rd8 74. Rf4+ Ke5 75. Rf7 Rd4 76. b5 Rxh4 77. b6 Rc4+ 78. Kb5
Rc1 79. b7 Rb1+ 80. Kc6 Rc1+ 81. Kd7 Rb1 1/2-1/2

[Event "BL 9091 Bayern-Frankfurt"]
[Site "?"]
[Date "1990.??.??"]
[Round "?.6"]
[White "Hertneck, G."]
[Black "Kohlweyer, B."]
[Result "1/2-1/2"]
[WhiteElo "2520"]
[BlackElo "2385"]
[PlyCount "121"]
[EventDate "1990.??.??"]

1. c4 Nf6 2. Nc3 e6 3. Nf3 Bb4 4. g3 O-O 5. Bg2 d5 6. Qb3 c5 7. a3 Bxc3 8. Qxc3
b6 9. d3 Bb7 10. b4 Nbd7 11. O-O Rc8 12. Bb2 Re8 13. Qb3 e5 14. Nh4 dxc4 15.
dxc4 Bxg2 16. Kxg2 cxb4 17. axb4 Qc7 18. Rfc1 a5 19. Nf5 Qc6+ 20. Kg1 Qe6 21.
Ne3 axb4 22. Qxb4 Ng4 23. Nd5 Ngf6 24. Rd1 Rc5 25. Qa4 Qc6 26. Qxc6 Rxc6 27.
Ne3 Rc7 28. Ba3 h6 29. Bd6 Rc6 30. Ra7 g6 31. f3 Kg7 32. Kg2 Nc5 33. Be7 Re6
34. Bxc5 bxc5 35. Rc7 R8e7 36. Rxc5 Ra7 37. Rb5 Ra3 38. Kf2 Ne4+ 39. fxe4 Rf6+
40. Ke1 Rxe3 41. Rxe5 Rc3 42. Rc5 Re6 43. e5 Re7 44. Rd3 Rc1+ 45. Kf2 h5 46. h4
Rc2 47. Re3 Rc1 48. Rc6 Rc2 49. Kf3 Rc1 50. Ke4 Rd1 51. e6 fxe6 52. Ke5 Rf7 53.
Rxe6 Rc1 54. Re4 Rc7 55. g4 R1xc4 56. Rxc4 Rxc4 57. g5 Rxh4 58. Re7+ Kf8 59.
Rd7 Ra4 60. e4 Ra5+ 61. Kf4 1/2-1/2

[Event "BL 9091 Bayern-Frankfurt"]
[Site "?"]
[Date "1990.??.??"]
[Round "?.7"]
[White "Heyken, E."]
[Black "Boensch, U."]
[Result "1/2-1/2"]
[WhiteElo "2415"]
[BlackElo "2510"]
[PlyCount "89"]
[EventDate "1990.??.??"]

1. d4 d5 2. Nf3 Nf6 3. c4 e6 4. Nc3 Be7 5. Bg5 h6 6. Bxf6 Bxf6 7. e3 O-O 8. Rc1
Nc6 9. a3 a6 10. Bd3 dxc4 11. Bxc4 e5 12. d5 Ne7 13. Ne4 Nf5 14. Be2 Nd6 15.
Nxf6+ Qxf6 16. O-O e4 17. Nd4 Re8 18. Rxc7 Re5 19. Bg4 Bxg4 20. Qxg4 Rg5 21.
Qd7 Rxd5 22. Rfc1 Kh7 23. R1c5 Rxc5 24. Rxc5 Rd8 25. Qg4 g6 26. g3 Re8 27. h4
h5 28. Qd1 Rd8 29. Qb3 Nb5 30. Nxb5 Rd2 31. f4 axb5 32. Rc7 Kg8 33. Rxb7 Rxb2
34. Rxf7 Rxb3 35. Rxf6 Kg7 36. Re6 Rxe3 37. Kf2 Rf3+ 38. Kg2 Rxa3 39. Rxe4 Ra7
40. Rb4 Rb7 41. Kf3 Kf6 42. g4 hxg4+ 43. Kxg4 Rb6 44. h5 gxh5+ 45. Kxh5 1/2-1/2

[Event "BL 9091 Bayern-Frankfurt"]
[Site "?"]
[Date "1990.??.??"]
[Round "?.8"]
[White "Schlosser, P."]
[Black "Degenhardt, H."]
[Result "0-1"]
[WhiteElo "2455"]
[BlackElo "2350"]
[PlyCount "166"]
[EventDate "1990.??.??"]

1. c4 g6 2. g3 Bg7 3. Bg2 Nc6 4. Nc3 d6 5. e4 e5 6. Nge2 Be6 7. d3 Qd7 8. Nd5
h6 9. O-O Nge7 10. Be3 Nd4 11. Rc1 c6 12. Nxe7 Qxe7 13. Nxd4 exd4 14. Bd2 O-O
15. f4 Qd7 16. f5 gxf5 17. Qh5 fxe4 18. Bxh6 Bg4 19. Qg5 f6 20. Qxg7+ Qxg7 21.
Bxg7 Kxg7 22. Bxe4 Rae8 23. Rf4 f5 24. Bg2 c5 25. Bf1 Kg6 26. Kf2 Rh8 27. h4 a5
28. Re1 Rxe1 29. Kxe1 Re8+ 30. Kf2 Re3 31. Kg2 Kf6 32. Rf2 Ke5 33. b3 b6 34. a3
Re1 35. b4 cxb4 36. axb4 a4 37. Ra2 Bd1 38. Kf2 Re3 39. Ra1 Bc2 40. Ra3 Bb3 41.
Ra1 Ke6 42. Be2 Kf6 43. Bf1 d5 44. c5 bxc5 45. bxc5 Re6 46. Be2 Rc6 47. g4 fxg4
48. Bxg4 Rxc5 49. Bd7 Ra5 50. Ra3 Ke7 51. Bg4 Rc5 52. h5 Rc2+ 53. Be2 Rc1 54.
Bf3 Rc2+ 55. Be2 Rc6 56. Ra1 Kf7 57. Ke1 Rc2 58. Kf2 Rc6 59. Ke1 Kg7 60. Bg4
Rc7 61. Be2 Rc2 62. Kf2 Kh6 63. Kf1 Rc6 64. Ke1 Ra6 65. Ra3 Kg5 66. Kd2 Kf4 67.
Ra1 a3 68. Rf1+ Kg3 69. Rg1+ Kf2 70. Rf1+ Kg2 71. Ra1 a2 72. Bd1 Bxd1 73. Kxd1
Kf3 74. Kc2 Kg4 75. Kb3 Kxh5 76. Kb4 Kg4 77. Kc5 Ra4 78. Kb5 Ra3 79. Kc5 Kf3
80. Kxd4 Ra5 81. Kc3 Ke2 82. d4 Ra8 83. Kb4 Kd3 0-1

[Event "BL 9091 München 36-Heidelberg"]
[Site "?"]
[Date "1990.??.??"]
[Round "?.1"]
[White "Steinbacher, M."]
[Black "Smejkal, J."]
[Result "1/2-1/2"]
[WhiteElo "2370"]
[BlackElo "2545"]
[PlyCount "145"]
[EventDate "1990.??.??"]

1. e4 e5 2. Nf3 Nc6 3. Bb5 a6 4. Ba4 Nf6 5. O-O Be7 6. Nc3 b5 7. Bb3 d6 8. Nd5
O-O 9. Nxe7+ Nxe7 10. d3 Ng6 11. a4 Bb7 12. axb5 axb5 13. Bg5 h6 14. Rxa8 Bxa8
15. Bxf6 Qxf6 16. Qd2 c5 17. Qa5 c4 18. Ba2 d5 19. Re1 dxe4 20. dxe4 Bc6 21.
Qc7 Qe6 22. c3 Rc8 23. Qb6 Nf4 24. Re3 Qd6 25. Bb1 Rb8 26. Qa7 Ra8 27. Qb6 Rb8
28. Qa7 Ra8 29. Qb6 Ra1 30. Re1 Qg6 31. Nh4 Qf6 32. Nf5 Nd3 33. Rf1 Bxe4 34.
Qxf6 gxf6 35. Nd6 Rxb1 36. Rxb1 Bc6 37. b3 cxb3 38. Rxb3 Nc5 39. Rb4 Na4 40.
Rg4+ Kf8 41. Rg3 Bd7 42. Rd3 Ke7 43. Ne4 f5 44. Nd2 f4 45. c4 bxc4 46. Nxc4 Bb5
47. Nxe5 Bxd3 48. Nxd3 f3 49. g3 Nc3 50. Kf1 Ne4 51. Ne5 Ng5 52. h4 Ne6 53.
Nxf3 f5 54. Ke2 Kf6 55. Ke3 Nc5 56. Ne1 Ne4 57. Nd3 Nc3 58. Kd4 Nb5+ 59. Kc4
Nd6+ 60. Kd4 Nb5+ 61. Kc4 Nd6+ 62. Kd5 Ne4 63. Kd4 Nd2 64. Nc5 Nf3+ 65. Ke3 Ne5
66. Nd3 Nc6 67. Kf4 Ne7 68. g4 Nd5+ 69. Kg3 Nc3 70. f4 fxg4 71. Kxg4 Nd5 72.
Nf2 h5+ 73. Kxh5 1/2-1/2

[Event "BL 9091 München 36-Heidelberg"]
[Site "?"]
[Date "1990.??.??"]
[Round "?.2"]
[White "Ftacnik, L."]
[Black "Neurohr, S."]
[Result "1/2-1/2"]
[WhiteElo "2550"]
[BlackElo "2350"]
[PlyCount "97"]
[EventDate "1990.??.??"]

1. d4 Nf6 2. Nf3 g6 3. c4 Bg7 4. Nc3 O-O 5. e4 d6 6. Be2 e5 7. O-O Nc6 8. d5
Ne7 9. Nd2 c6 10. b4 a5 11. bxa5 Qxa5 12. Qc2 c5 13. Nb3 Qd8 14. a4 Nd7 15. Bd2
f5 16. f3 f4 17. a5 h5 18. Na4 Ra6 19. Rfb1 g5 20. Nc1 Ng6 21. Ra3 Bf6 22. Nd3
Qe8 23. Rb5 Rf7 24. Qb2 Rg7 25. Nf2 Nh4 26. Kf1 Kh7 27. Be1 Bd8 28. h3 Bc7 29.
Rab3 Qg8 30. Bd1 Qe8 31. Nd3 Qd8 32. Nb6 Bxb6 33. axb6 Qe7 34. Ra3 Nb8 35. Rxa6
Nxa6 36. Nf2 Qe8 37. Ra5 Bd7 38. Nd3 Ng6 39. Bf2 Qb8 40. Be1 Ne7 41. Bc3 Ng6
42. Ra1 Qe8 43. Ra3 Kg8 44. Be1 Qc8 45. Nf2 Qe8 46. Bc3 Re7 47. Nd3 Qc8 48. Be1
Rg7 49. Nf2 1/2-1/2

[Event "BL 9091 München 36-Heidelberg"]
[Site "?"]
[Date "1990.??.??"]
[Round "?.3"]
[White "Ostl, A."]
[Black "Espig, L."]
[Result "1/2-1/2"]
[WhiteElo "2325"]
[BlackElo "2505"]
[PlyCount "60"]
[EventDate "1990.??.??"]

1. d4 Nf6 2. c4 d6 3. Nf3 Nbd7 4. Nc3 e5 5. g3 Be7 6. Bg2 O-O 7. O-O c6 8. Qc2
a6 9. Rd1 Qc7 10. b4 Re8 11. Rb1 Bf8 12. dxe5 Nxe5 13. Nxe5 dxe5 14. c5 Be6 15.
e4 Rad8 16. Bg5 Be7 17. Na4 h6 18. Bd2 Bg4 19. f3 Bh5 20. Nb6 Nd7 21. Nc4 Nf8
22. Bc3 f6 23. Rxd8 Rxd8 24. Rd1 Ne6 25. Rxd8+ Qxd8 26. Qd2 Qc7 27. Kf2 Bf7 28.
Bf1 Kf8 29. a3 Ke8 30. Ke1 Ng5 1/2-1/2

[Event "BL 9091 München 36-Heidelberg"]
[Site "?"]
[Date "1990.??.??"]
[Round "?.4"]
[White "Gruenberg, HU."]
[Black "Mack, P."]
[Result "1-0"]
[WhiteElo "2500"]
[BlackElo "2300"]
[PlyCount "61"]
[EventDate "1990.??.??"]

1. d4 f5 2. g3 Nf6 3. Bg2 g6 4. Nf3 Bg7 5. O-O O-O 6. b3 d6 7. Bb2 Qe8 8. c4
Na6 9. Nbd2 c6 10. Qc2 Kh8 11. Rae1 d5 12. Ne5 Be6 13. Ndf3 Ne4 14. Nd3 Rc8 15.
Nfe5 Bg8 16. e3 Nb8 17. f3 Nf6 18. e4 fxe4 19. fxe4 Nxe4 20. Rxf8 Qxf8 21. Nf4
Bxe5 22. dxe5 e6 23. Bxe4 dxe4 24. Qxe4 Rd8 25. Rf1 Qf5 26. Qe2 Na6 27. Nxe6
Bxe6 28. Rxf5 gxf5 29. Qh5 Nc5 30. Qh6 Re8 31. Ba3 1-0